Normal view MARC view
  • SURESH ELAMON |

Entry Personal Name

Number of records used in: 1

001 - CONTROL NUMBER

  • control field: 9703

003 - CONTROL NUMBER IDENTIFIER

  • control field: OSt

005 - DATE AND TIME OF LATEST TRANSACTION

  • control field: 20260209120514.0

008 - FIXED-LENGTH DATA ELEMENTS

  • fixed length control field: 260209|| aca||aabn | a|a d

040 ## - CATALOGING SOURCE

  • Original cataloging agency: OSt
  • Transcribing agency: OSt

100 ## - HEADING--PERSONAL NAME

  • Personal name: SURESH ELAMON |
  • Personal name: സുരേഷ് ഇളമൺ

670 ## - SOURCE DATA FOUND

  • Source citation: Work cat.: (OSt)752926: SURESH ELAMON | സുരേഷ് ഇളമൺ , പക്ഷികളും ഒരു മനുഷ്യനും: ഇന്ദുചൂഡൻറെ ജീവിതം, 2024